| 000 | 00000nam##2200000za#4500 |
| 001 | 9.600350 |
| 003 | CaOODSP |
| 005 | 20210624205533 |
| 007 | cr ||||||||||| |
| 008 | 150406|2000||||xxc|||||o f|0| 0 fre|d |
| 040 | |aCaOODSP|bfre |
| 043 | |an-cn--- |
| 086 | 1 |aBT31-4/71-2000F-PDF |
| 110 | 1 |aCanada. |bConseil du trésor. |
| 245 | 10|aGreffe de la Cour fédérale du Canada, rapport sur le rendement pour la période se terminant le 31 mars 2000 |h[ressource électronique] |
| 260 | |aOttawa - Ontario : |bSecrétariat du Conseil du Trésor du Canada |cc2000. |
| 300 | |a31p.|borganigramme, tableaux, index |
| 490 | 1 |aRapport sur le rendement pour la période se terminant le 31 mars 2000 |vPour la période se terminant le 31 mars 2000 |
| 500 | |aLe n° de catalogue (BT31-4/71-2000) et l’ISBN (0-660-61369-7) de l'édition imprimée bilingue ont été incorrectement copiés dans cette édition électronique. |
| 590 | |a11-04-Supp|b2011-02-17 |
| 775 | 08|tRegistry of the Federal Court of Canada, performance report for the period ending March 31, 2000 |w(CaOODSP)9.569111 |
| 776 | 0#|tRegistry of the Federal Court of Canada |w(CaOODSP)9.534136 |
| 776 | 0#|tGreffe de la Cour fédérale du Canada |w(CaOODSP)9.534137 |
| 830 | #0|aRapport sur le rendement pour la période se terminant le 31 mars 2000 ;|vPour la période se terminant le 31 mars 2000|w(CaOODSP)9.502702 |
| 856 | 40|ahttp://publications.gc.ca|qPDF|s254 Ko|uhttps://publications.gc.ca/collections/Collection/BT31-4-71-2000F.pdf|yPour la période se terminant le 31 mars 2000 |